• 首页
  • 本馆介绍
  • 公告通知
  • 最新文献
  • 馆藏检索
  • 电子资源
  • 读者导购
  • 参考咨询
  • 我的图书馆
  • 登录
  • 详细信息显示
  • 放入我的书架
  • 预约/预借图书
  • 作者相关作品
  • 分类相关作品
  • 丛书相关作品
  • 出版社相关作品

书目信息

  • 表格格式
  • 工作单格式
  • 卡片格式
题名:
桥梁工程
    
 
作者: 刘龄嘉 编著
分册:  
出版信息: 北京   人民交通出版社股份有限公司  2017.2
页数: 679页
开本: 26cm
丛书名:
单 册:
中图分类: U44
科图分类:
主题词: 桥梁工程--qiao liang gong cheng--高等学校--教材
电子资源:
ISBN: 978-7-114-13039-7
000 01011nam0 2200253 450
001 2161460686
005 20210930094231.0
010    @a978-7-114-13039-7@dCNY69.00
100    @a20170321d2017 em y0chiy50 ea
101 0  @achi
102    @aCN@b110000
105    @aa z 000yy
106    @ar
200 1  @a桥梁工程@Aqiao liang gong cheng@dBridge engineering@f刘龄嘉编著@zeng
210    @a北京@c人民交通出版社股份有限公司@d2017.2
215    @a679页@c图@d26cm
300    @a高等学校交通运输与工程类专业规划教材
330    @a本书主要内容包括:总论、梁桥、拱桥、刚架桥、斜拉桥与悬索桥、桥梁支座、桥梁墩台等七篇。第一篇总论主要介绍桥梁分类与组成、桥梁设计方法和设计荷载;其余各篇分别介绍各类型桥形及桥梁墩台的结构类型、结构构造、结构设计、结构计算和结构施工。
510 1  @aBridge engineering@zeng
606 0  @a桥梁工程@Aqiao liang gong cheng@x高等学校@j教材
690    @aU44@v5
701  0 @a刘龄嘉@Aliu ling jia@c(女,@f1963.7~)@4编著
801  0 @aCN@b百万庄@c20210929
905    @b1302786-89@dU44@e1001@f4
    
    桥梁工程=Bridge engineering/刘龄嘉编著.-北京:人民交通出版社股份有限公司,2017.2
    679页:图;26cm
    高等学校交通运输与工程类专业规划教材
    
    ISBN 978-7-114-13039-7:CNY69.00
    本书主要内容包括:总论、梁桥、拱桥、刚架桥、斜拉桥与悬索桥、桥梁支座、桥梁墩台等七篇。第一篇总论主要介绍桥梁分类与组成、桥梁设计方法和设计荷载;其余各篇分别介绍各类型桥形及桥梁墩台的结构类型、结构构造、结构设计、结构计算和结构施工。
●
相关链接 在E读中查询图书 在五车中查询图书 在当当中查询图书 在豆瓣中查询图书


正题名:桥梁工程     索取号:U44/1001         预约/预借

序号 登录号 条形码 馆藏地/架位号 状态 备注
1 1302786   213027865   第二样本阅览室/ [索取号:U44/1001] 在馆    
2 1302787   213027874   第三借阅区/ [索取号:U44/1001] 在馆    
3 1302788   213027883   第三借阅区/ [索取号:U44/1001] 在馆    
4 1302789   213027892   第三借阅区/ [索取号:U44/1001] 在馆    
唐山师范学院图书馆 欢迎您!
大连网信软件有限公司© 版权所有